Equipe participante de la LDC 2019-2020 - Statistiques

Statistiques générales
  • Ce quiz a été pris 232 fois
    214 depuis la dernière actualisation
  • Le résultat moyen est 18 sur 32
Statistiques - réponses
Groupe Equipe % Correct
A Real Madrid
97%
A Paris Saint Germain
95%
F FC Barcelone
94%
C Manchester City
90%
B Bayern Munich
84%
D Juventus Turin
84%
F Borussia Dortmund
83%
F Inter Milan
83%
E Liverpool FC
83%
H Chelsea FC
82%
D Atletico Madrid
80%
G Olympique Lyonnais
78%
H Ajax Amsterdam
69%
G RB Leipzig
69%
B Tottenham
69%
G Benfica Lisbonne
66%
H Lille Olympique Sporting Club
61%
E SSC Napoli
61%
C Atalanta Bergame
57%
A Club Bruges
48%
H Valence CF
46%
A Galatasaray
38%
B Etoile rouge de Belgrade
31%
D Bayern Leverkusen
30%
C Chaktior Donetsk
26%
D Lokomotiv Moscou
26%
G Zenith Saint Petersbourg
26%
E RB Salzbourg
24%
C Dinamo Zagreb
20%
B Olympiakos
19%
F Slavia Prague
17%
E Racing Genk
14%
Aucun quiz correspondant
Distribution des résultats
% des personnes avec chaque résultat
Percentile par nombre de réponses
Votre historique - résultats
Vous n’avez pas pris ce quiz depuis la dernière actualisation